Arènes Pokémon - Kanto - Statistiques

Statistiques générales
  • Ce quiz a été pris 63 fois
  • Le résultat moyen est 18 sur 24
Réponses sur la Carte
Les réponses sont colorées sur une échelle allant du rouge au vert en fonction du pourcentage des utilisateurs qui les ont devinées à leur premier essai. Vous pouvez retrouver ces pourcentages ci-dessous.
 
Statistiques - réponses
Ville Badge % Correct
Eau
98%
Argenta Roche
96%
Roche
96%
Électrik
95%
Feu
95%
Psy
93%
Ondine
91%
Pierre
91%
Plante
91%
Poison
89%
Sol
89%
Major Bob
82%
Giovanni
80%
Koga
77%
Auguste
73%
Erika
70%
Morgane
66%
Azuria Cascade
63%
Jadielle Terre
55%
Cramois'île Volcan
55%
Carmin sur Mer Foudre
54%
Céladopole Prisme
52%
Parmanie Âme
48%
Safrania Marais
41%
Aucun quiz correspondant
Distribution des résultats
% des personnes avec chaque résultat
Percentile par nombre de réponses
Votre historique - résultats
Vous n’avez pas pris ce quiz